<?xml version="1.0" encoding="UTF-8"?>
<record
    xmlns:xsi="http://www.w3.org/2001/XMLSchema-instance"
    xsi:schemaLocation="http://www.loc.gov/MARC21/slim http://www.loc.gov/standards/marcxml/schema/MARC21slim.xsd"
    xmlns="http://www.loc.gov/MARC21/slim">

  <leader>00900nam a22002297a 4500</leader>
  <controlfield tag="003">LK-CoDNM</controlfield>
  <controlfield tag="005">20241011105635.0</controlfield>
  <controlfield tag="008">241011b        |||||||| |||| 00| 0 eng d</controlfield>
  <datafield tag="040" ind1=" " ind2=" ">
    <subfield code="a">LK-CoDNM</subfield>
    <subfield code="d">LK-CoDNM</subfield>
    <subfield code="e">LK-CoDNM</subfield>
  </datafield>
  <datafield tag="041" ind1=" " ind2=" ">
    <subfield code="a">sin</subfield>
  </datafield>
  <datafield tag="080" ind1=" " ind2=" ">
    <subfield code="a">&#xDB4;&#xDCA;&#x200D;&#xDBB;.&#xD85;</subfield>
    <subfield code="b">29.1</subfield>
  </datafield>
  <datafield tag="100" ind1=" " ind2=" ">
    <subfield code="a">unknown </subfield>
  </datafield>
  <datafield tag="245" ind1=" " ind2=" ">
    <subfield code="a">&#xD9C;&#xDD4;&#xDBB;&#xDD4;&#xDC0;&#xDBB;&#xDD4;&#xDB1;&#xDCA; &#xDB4;&#xDD4;&#xDC4;&#xDD4;&#xDAB;&#xDD4;&#xD9A;&#xDBB;&#xDB1; &#xDC1;&#xDCF;&#xDC3;&#xDCA;&#xDAD;&#xDCA;&#x200D;&#xDBB;&#xDC1;&#xDCF;&#xDBD;&#xDCF;&#xDC0;&#xDDA; &#xDC3;&#xDD2;&#xD82;&#xDC4;&#xDBD; &#xDC3;&#xD9F;&#xDBB;&#xDCF;&#xDC0; 1918 - 2 &#xD9A;&#xDCF;&#xDAB;&#xDCA;&#xDA9;&#xDBA;</subfield>
    <subfield code="b">1-3 &#xD9A;&#xDBD;&#xDCF;&#xDB4;&#xDBA;</subfield>
  </datafield>
  <datafield tag="250" ind1=" " ind2=" ">
    <subfield code="a">Part 1</subfield>
  </datafield>
  <datafield tag="260" ind1=" " ind2=" ">
    <subfield code="a">&#xDC0;&#xDD2;&#xDAF;&#xDCA;&#x200D;&#xDBA;&#xDCF;&#xDC3;&#xDCF;&#xD9C;&#xDBB; &#xDBA;&#xDB1;&#xDCA;&#xDAD;&#xDCA;&#x200D;&#xDBB;&#xDCF;&#xDBD;&#xDBA;</subfield>
    <subfield code="b">&#xD9A;&#xDDC;&#xDC5;&#xDB9;</subfield>
    <subfield code="c">1918</subfield>
  </datafield>
  <datafield tag="300" ind1=" " ind2=" ">
    <subfield code="a">23cm</subfield>
  </datafield>
  <datafield tag="490" ind1=" " ind2=" ">
    <subfield code="v">Vol 2</subfield>
  </datafield>
  <datafield tag="650" ind1=" " ind2=" ">
    <subfield code="a">&#xDB4;&#xDCA;&#x200D;&#xDBB;.&#xD85; 29.1</subfield>
  </datafield>
  <datafield tag="650" ind1=" " ind2=" ">
    <subfield code="a">&#xD9C;&#xDD4;&#xDBB;&#xDD4;&#xDC0;&#xDBB;&#xDD4;&#xDB1;&#xDCA; &#xDB4;&#xDD4;&#xDC4;&#xDD4;&#xDAB;&#xDD4;&#xD9A;&#xDBB;&#xDB1; &#xDC1;&#xDCF;&#xDC3;&#xDCA;&#xDAD;&#xDCA;&#x200D;&#xDBB;&#xDC1;&#xDCF;&#xDBD;&#xDCF;&#xDC0;&#xDDA; &#xDC3;&#xDD2;&#xD82;&#xDC4;&#xDBD; &#xDC3;&#xD9F;&#xDBB;&#xDCF;&#xDC0;</subfield>
  </datafield>
  <datafield tag="650" ind1=" " ind2=" ">
    <subfield code="a">1918 - 2 &#xD9A;&#xDCF;&#xDAB;&#xDCA;&#xDA9;&#xDBA;</subfield>
  </datafield>
  <datafield tag="942" ind1=" " ind2=" ">
    <subfield code="c">BK</subfield>
  </datafield>
  <datafield tag="952" ind1=" " ind2=" ">
    <subfield code="0">0</subfield>
    <subfield code="1">0</subfield>
    <subfield code="4">1</subfield>
    <subfield code="7">0</subfield>
    <subfield code="8">OBC</subfield>
    <subfield code="a">MAIN</subfield>
    <subfield code="b">MAIN</subfield>
    <subfield code="c">REF</subfield>
    <subfield code="d">2024-10-11</subfield>
    <subfield code="l">0</subfield>
    <subfield code="o">&#xDB4;&#xDCA;&#x200D;&#xDBB;.&#xD85; 29.1</subfield>
    <subfield code="p">OJP3078-1</subfield>
    <subfield code="r">2024-10-11</subfield>
    <subfield code="w">2024-10-11</subfield>
    <subfield code="y">BK</subfield>
  </datafield>
  <datafield tag="999" ind1=" " ind2=" ">
    <subfield code="c">218994</subfield>
    <subfield code="d">218994</subfield>
  </datafield>
</record>
